Memory Test: Click the Shapes - Statistics

General Stats
  • This quiz has been taken 3,839 times
    1,077 since last reset
  • The average score is 5 of 9
Answer Stats
Hint Answer % Correct
Where's the blue triangle?
61%
Where's the blue circle?
56%
Where's the red triangle?
53%
Where's the red square?
51%
Where's the yellow circle?
48%
Where's the yellow square?
47%
Where's the blue square?
46%
Where's the red circle?
46%
Where's the yellow triangle?
44%
No matching quizzes found
Score Distribution
Percent of People with Each Score
Percentile by Number Answered
Your Score History
You have not taken this quiz since the last reset